Дело о квартирных деньгах офицерам арестантских рот Гражданского ведомства

Доступно только в Электронных читальных залах Найти на картеНа карте
RUSMARC
00003689nmc2a22000003x 450
001ebde2360-4c8a-4b41-8b27-a4f300eb8570
00520200304034214.0
100##$a20180921l18641873k l0rusy0189 ca
1010#$arus
102##$aRU
2001#$aДело о квартирных деньгах офицерам арестантских рот Гражданского ведомства
$j21 октября 1864 г. - 6 марта 1873 г.
251##$cДело
300##$aДело
801#0$aRU
$bРГИА
$c20180921
$gRCR
801#1$aRU
$bГлавНИВЦ
$c20180921
$2rusmarc
801#2$aRU
$bПБ им. Б.Н. Ельцина
$c20200304
$gRCR
$2rusmarc
850##$aРГИА
852##$aРГИА
$eФедеральное казенное учреждение "Российский государственный исторический архив" (РГИА)
$j1708
937##$hРГИА
$d12288930
$aASBIBLIO_SCAN
462#0$1001921ec746-9587-48a9-b6c2-ef8589ca621c
$12001
$aДела Департамента полиции исполнительной МВД за 1864 год
$1251
$cОпись
$1852
$j25
$l1864 г.
461#0$10013e300ed0-cd39-49af-8489-5ba5b90fa401
$12001
$aДепартамент полиции исполнительной МВД
$1251
$cФонд
$1852
$j1286
215##$a380 л.
$d36,5х26 см
371##$aДокумент не является опубликованным и широко распространяемым
105##$ay###
1222#$ad
035##$aebde2360-4c8a-4b41-8b27-a4f300eb8570
856##$uhttp://readingroom.main.prlib.ru/item.aspx?id_node=n142664944&mode=full
Формат отображения